Algunos caracteres de la cultura española (Registro nro. 207)

Detalles MARC
000 -CABECERA
Longitud fija campo de control 00686nam a22002411 4500
001 - NÚMERO DE CONTROL
Número de control Mimo0001582874
003 - IDENTIFICADOR DELl NÚMERO DE CONTROL
Identificador del número de control OSt
005 - FECHA Y HORA DE LA ÚLTIMA TRANSACCIÓN
Fecha y hora de la última transacción 20140829213003.0
008 - CÓDIGOS DE INFORMACIÓN DE LONGITUD FIJA
Códigos de información de longitud fija 000401s1962 sp spa
035 ## - NÚMERO DE CONTROL DEL SISTEMA
Número de control del sistema (OCoLC)434298180
040 ## - FUENTE DE LA CATALOGACIÓN
Centro catalogador de origen SpMaBN
Centro transcriptor BMC
082 ## - NÚMERO DE LA CLASIFICACIÓN DECIMAL DEWEY
Númeroo de clasificación 860.95
082 ## - NÚMERO DE LA CLASIFICACIÓN DECIMAL DEWEY
Númeroo de clasificación 306.946
100 10 - PUNTO DE ACCESO PRINCIPAL-NOMBRE DE PERSONA
Nombre de persona Vossler, Karl
9 (RLIN) 231
245 10 - MENCIÓN DE TÍTULO
Título Algunos caracteres de la cultura española
Mención de responsabilidad, etc. Karl Vossler ; [traducción de Carlos Clavería]
250 ## - MENCIÓN DE EDICIÓN
Mención de edición 2ª ed
260 0# - PUBLICACIÓN, DISTRIBUCIÓN, ETC. (PIE DE IMPRENTA)
Lugar de publicación, distribución, etc. Madrid
Nombre del editor, distribuidor, etc. Espasa-Calpe
Fecha de publicación, distribución, etc. 1941
300 ## - DESCRIPCIÓN FÍSICA
Extensión 163 p.
Dimensiones 18 cm
490 0# - MENCIÓN DE SERIE
Mención de serie Austral
Designación de volumen o secuencia 270
650 ## - PUNTO DE ACCESO ADICIONAL DE MATERIA - TÉRMINO DE MATERIA
Término de materia o nombre geográfico como elemento inicial Literatura española
Subdivisión de materia general -Historia y crítica
700 11 - PUNTO DE ACCESO ADICIONAL - NOMBRE DE PERSONA
9 (RLIN) 234
Nombre de persona Clavería, Carlos
Fechas asociadas al nombre 1909-1974
942 ## - ENTRADA DE ELEMENTOS AGREGADOS (KOHA)
Fuente de clasificaión o esquema Dewey Decimal Classification
Koha [por defecto] tipo de item 1- Monografias
Existencias
Suprimido Perdido Fuente de clasificación o esquema Estropeado Restricciones de uso No para préstamo Código de colección Localización permanente Localización actual Localización en estanter&íacute;as Fecha adquisición Fuente de adquisición Número de inventario Préstamos totales Signatura completa Código de barras Fecha última consulta Coste, precio reemplazado Fecha del precio de reemplazo Tipo de item de Koha
NULL NULL Dewey Decimal Classification NULL Prestable NULL NULL Biblioteca Miguel de Cervantes - UNICAES Biblioteca Miguel de Cervantes - UNICAES Sala Principal 22/09/2003 Donación - Marco René Revelo 000205   864 VOS alg 1000205 20/04/2013 4.99 20/04/2013 1- Monografias